000 00860nam a22002057a 4500
003 OSt
005 20170608093048.0
008 140214b2013 slv spa
040 _cBMC
082 _a630.7284
100 1 _936034
_aRamírez Alas, Francisco Eduardo
245 1 0 _aPasantía en Misión Técnica Taiwán
_b: Informe final
_cFrancisco Eduardo Ramírez Alas
260 _aSanta Ana (El Salvador)
_bUniversidad Católica de Occidente
_c2005
300 _a102 h.
_c27 cm
_b+ 1 disco compacto
500 _aPrecede al tít.: Universidad Católica de Occidente, Facultad de Ingeniería y Arquitectura
502 _aPara optar al grado académico de Ingeniero Agrónomo en Desarrollo Rural
650 2 4 _933273
_aAgronomía
_zEl Salvador
710 2 _91166
_aUniversidad Católica de El Salvador
_bFacultad de Ingeniería y Arquitectura
942 _2ddc
_cTG
999 _c22294
_d22294